000 00762nam a2200229Ia 4500
003 GCL
008 140319s9999 xx 000 0 ara d
040 _aGCL /
_cGCL
082 0 4 _a909
_bك ت
100 1 _aجانين اوبواية
245 1 0 _aتاريخ الحضارات العام: الشرق واليونان القديمة /
_cجانين اوبواية
700 1 _aاندرية ايمار
700 1 _aكروازية، موريس
260 _aبيروت :
_bمنشورات عويدات
300 _a7 اجزاء ؛
_c24 سم
490 _aتاريخ الحضارات العام
_v1
650 0 4 _aالحضارة
650 0 4 _aالتاريخ
650 0 4 _aالجغرافيا
650 0 4 _aالعلوم الانسانية
942 _2ddc
_cBK
999 _c45082
_d45082